[Event "CAN-ch U10"]
[Site "Windsor"]
[Date "2015.07.09"]
[Round "7.109"]
[White "Wang, Ray"]
[Black "Derevyanko, Andrew"]
[Result "0-1"]
[WhiteElo "659"]
[BlackElo "842"]
[PlyCount "58"]
[EventDate "2015.07.06"]
[EventType "swiss"]
[EventRounds "7"]
[EventCountry "CAN"]
[SourceTitle "EXT 2022"]
[Source "ChessBase"]
[SourceDate "2021.10.06"]
[SourceVersion "1"]
[SourceVersionDate "2021.10.06"]
[SourceQuality "1"]

1. e4 e5 2. Nf3 Nc6 3. Bc4 Bc5 4. d3 d6 5. Ng5 Nh6 6. Qh5 0-0 7. Nxf7 Nxf7 8. Qg4 Bxg4 9. 0-0 Nd4 10. Nc3 c6 11. f3 Nb3+ 12. Kh1 Nxa1 13. fxg4 Nxc2 14. Ne2 b5 15. Bb3 Nd4 16. Nxd4 Bxd4 17. Rf5 d5 18. exd5 cxd5 19. Bg5 Nxg5 20. Rxf8+ Qxf8 21. Bxd5+ Kh8 22. h3 Qf1+ 23. Kh2 Qg1+ 24. Kg3 Rf8 25. b4 e4 26. dxe4 Rf3+ 27. Kh4 Qxg2 28. a3 Bf6 29. e5 Qxh3# 0-1